000 00647nam a2200181Ia 4500
008 100920s9999 xx 000 0 und d
082 _b76104
_a49 न 00
100 _aदेशपांडे भाऊमहाराज.
245 _aमहाभारत रहस्य.
260 _bसंयम पब्लिकेशन, पुणे.
_c2000
300 _a736
_bसाधी
365 _b400
520 _aडिपॉझिट सेक्शन.
630 _aमहाभारत रहस्य.
650 _aडिपॉझिट सेक्शन.
730 _aमहाभारत रहस्य.
942 _cBOOK
999 _c717546
_d717543